| 000 | 00359nam a2200133Ia 4500 | ||
|---|---|---|---|
| 008 | 240624s9999 xx 000 0 und d | ||
| 041 | _aeng | ||
| 082 | _a300 HUG | ||
| 100 | _aHUGHES BARRY B | ||
| 245 | _aIMPROVING GLOBAL HEALTH PATTERNS OF POTE | ||
| 260 |
_c2011 _aNew Delhi _bOxford University Press |
||
| 300 | _axvi, : 345 : p. : cm. ; 27 | ||
| 365 | _cRS | ||
| 999 |
_c19369 _d19369 |
||